| 000 | 00496nam a2200181Ia 4500 | ||
|---|---|---|---|
| 005 | 20250326141845.0 | ||
| 008 | 250326s9999 xx 000 0 und d | ||
| 037 | _aTextbook | ||
| 040 |
_aFMSL _beng _cFMSL |
||
| 041 |
_aeng _2eng |
||
| 084 |
_aL.43N85 M5 _qFMSL |
||
| 100 |
_aWHO _973500 |
||
| 245 | 0 |
_aHealth care in South-East Asia _cWHO |
|
| 260 |
_aNew Delhi _bNew Delhi, World Health Org. _c1985 |
||
| 300 | _a210p | ||
| 942 |
_cTB _hL.43N85 M5 |
||
| 999 |
_c1292311 _d1292311 |
||